नेम प्लेट (Record no. 4072)

MARC details
000 -LEADER
fixed length control field 01079 a2200241 4500
005 - DATE AND TIME OF LATEST TRANSACTION
control field 20080904125556.0
008 - FIXED-LENGTH DATA ELEMENTS--GENERAL INFORMATION
fixed length control field 080904t xxu||||| |||| 00| 0 hin d
010 ## - LIBRARY OF CONGRESS CONTROL NUMBER
LC control number HIN-79887
020 ## - INTERNATIONAL STANDARD BOOK NUMBER
International Standard Book Number 8126712171
Terms of availability 175.00
035 ## - SYSTEM CONTROL NUMBER
System control number HN-52233
037 ## - SOURCE OF ACQUISITION
Source of stock number/acquisition D.B.Act / pub
082 ## - DEWEY DECIMAL CLASSIFICATION NUMBER
Classification number
100 ## - MAIN ENTRY--PERSONAL NAME
Personal name शर्मा, क्षमा
245 ## - TITLE STATEMENT
Title नेम प्लेट
Statement of responsibility, etc क्षमा शर्मा
246 ## - VARYING FORM OF TITLE
Title proper/short title Name Plate
Remainder of title by Kshama Sharma
260 ## - PUBLICATION, DISTRIBUTION, ETC. (IMPRINT)
Place of publication, distribution, etc नई दिल्ली
Name of publisher, distributor, etc राजकमल प्रकाशन
Date of publication, distribution, etc 2006
270 ## - ADDRESS
Address 1-बी, नेताजी सुभाष मार्ग
City नई दिल्ली
Postal code 110002
300 ## - PHYSICAL DESCRIPTION
Extent 163पृ
Dimensions 22 सेमी (सजिल्द)
650 ## - SUBJECT ADDED ENTRY--TOPICAL TERM
Topical term or geographic name as entry element हिन्दी कहानियाँ
650 ## - SUBJECT ADDED ENTRY--TOPICAL TERM
Topical term or geographic name as entry element Hindi Stories
942 ## - ADDED ENTRY ELEMENTS (KOHA)
Institution code [OBSOLETE] dpl
Koha item type Hindi Books
Call number prefix क / शर्माक्ष
Source of classification or shelving scheme Dewey Decimal Classification
Classification part
Call number suffix शर्माक्ष
Holdings
Withdrawn status Lost status Damaged status Not for loan Home library Current library Date acquired Cost, normal purchase price Total Checkouts Full call number Barcode Date last seen Copy number Uniform Resource Identifier Cost, replacement price Price effective from Koha item type
        D.B.Act.Division D.B.Act.Division 04/09/2008 175.00   क शर्माक्ष HN-52233 15/09/2008 1 4318 175.00 15/09/2008 Hindi Books

© Delhi Public Library
Hit Counter
free hit counter